Modeling of the Mechanical Behavior of Aluminum Alloys with Friction Stir Welds; AIP Conference Proceedings; Vol. 1683 : Advanced Materials with Hierarchical Structure for New Technologies and Reliable Structures
| Parent link: | AIP Conference Proceedings Vol. 1683 : Advanced Materials with Hierarchical Structure for New Technologies and Reliable Structures.— 2015.— [020019, 4 p.] |
|---|---|
| Hovedforfatter: | |
| Institution som forfatter: | |
| Andre forfattere: | , |
| Summary: | Title screen The deformation and fracture of a macroscopic duralumin sample with a friction stir weld are investigated numerically under compressive loading applied to the sample surface. A boundary-value problem is solved using a dynamic plane strain approximation. The weld zone structure corresponds to that observed experimentally and is taken into account explicitly in calculations. The mechanisms of the plastic strain localization and crack propagation operating in different zones of the weld are examined. Режим доступа: по договору с организацией-держателем ресурса |
| Sprog: | engelsk |
| Udgivet: |
2015
|
| Fag: | |
| Online adgang: | http://dx.doi.org/10.1063/1.4932709 |
| Format: | MixedMaterials Electronisk Book Chapter |
| KOHA link: | https://koha.lib.tpu.ru/cgi-bin/koha/opac-detail.pl?biblionumber=644861 |
MARC
| LEADER | 00000nla2a2200000 4500 | ||
|---|---|---|---|
| 001 | 644861 | ||
| 005 | 20231101134333.0 | ||
| 035 | |a (RuTPU)RU\TPU\network\9945 | ||
| 035 | |a RU\TPU\network\9932 | ||
| 090 | |a 644861 | ||
| 100 | |a 20151202a2015 k y0engy50 ba | ||
| 101 | 0 | |a eng | |
| 105 | |a y z 100zy | ||
| 135 | |a drgn ---uucaa | ||
| 181 | 0 | |a i | |
| 182 | 0 | |a b | |
| 200 | 1 | |a Modeling of the Mechanical Behavior of Aluminum Alloys with Friction Stir Welds |f R. R. Balokhonov, V. A. Romanova, E. E. Batukhtina | |
| 203 | |a Text |c electronic | ||
| 300 | |a Title screen | ||
| 320 | |a [References: 6 tit.] | ||
| 330 | |a The deformation and fracture of a macroscopic duralumin sample with a friction stir weld are investigated numerically under compressive loading applied to the sample surface. A boundary-value problem is solved using a dynamic plane strain approximation. The weld zone structure corresponds to that observed experimentally and is taken into account explicitly in calculations. The mechanisms of the plastic strain localization and crack propagation operating in different zones of the weld are examined. | ||
| 333 | |a Режим доступа: по договору с организацией-держателем ресурса | ||
| 461 | 0 | |0 (RuTPU)RU\TPU\network\4816 |t AIP Conference Proceedings | |
| 463 | 0 | |0 (RuTPU)RU\TPU\network\9779 |t Vol. 1683 : Advanced Materials with Hierarchical Structure for New Technologies and Reliable Structures |o Proceedings of the International Conference, 21–25 September 2015, Tomsk, Russia |f National Research Tomsk Polytechnic University (TPU) ; ed. V. E. Panin ; S. G. Psakhie ; V. M. Fomin |v [020019, 4 p.] |d 2015 | |
| 610 | 1 | |a электронный ресурс | |
| 610 | 1 | |a труды учёных ТПУ | |
| 610 | 1 | |a моделирование | |
| 610 | 1 | |a механическое поведение | |
| 610 | 1 | |a алюминиевые сплавы | |
| 610 | 1 | |a трение | |
| 610 | 1 | |a перемешивание | |
| 610 | 1 | |a швы | |
| 610 | 1 | |a плоская деформация | |
| 610 | 1 | |a сварные швы | |
| 610 | 1 | |a пластическая деформация | |
| 700 | 1 | |a Balokhonov |b R. R. |c physicist |c senior researcher at Tomsk Polytechnic University |f 1972- |g Ruslan Revovich |2 stltpush |3 (RuTPU)RU\TPU\pers\34538 | |
| 701 | 1 | |a Romanova |b V. A. |c specialist in the field of materials science |c senior researcher at Tomsk Polytechnic University |f 1971- |g Varvara Aleksandrovna |2 stltpush |3 (RuTPU)RU\TPU\pers\35065 | |
| 701 | 1 | |a Batukhtina |b E. E. |g Ekaterina | |
| 712 | 0 | 2 | |a Национальный исследовательский Томский политехнический университет (ТПУ) |b Институт физики высоких технологий (ИФВТ) |b Кафедра физики высоких технологий в машиностроении (ФВТМ) |b Научно-образовательная лаборатория "Динамическое моделирование и контроль ответственных конструкций" (НОЛ ДМиК ОК) |h 7378 |2 stltpush |3 (RuTPU)RU\TPU\col\20773 |
| 801 | 2 | |a RU |b 63413507 |c 20151202 |g RCR | |
| 856 | 4 | |u http://dx.doi.org/10.1063/1.4932709 | |
| 942 | |c CF | ||